000 00728nam a2200253Ia 4500
003 OSt
005 20220928131226.0
006 a|||||r|||| 00| 0
007 ta
008 220927b |||||||| |||| 00| 0 eng d
024 _a66014
037 _cTextual
040 _aSDCL
_cSDCL
_beng
041 _2eng
_aeng
082 _aX:57.4'P, P5
100 _aAriff Mohamed
_9477489
245 0 _aLiberalization and growth in Asia
260 _aCheltenham
_bEdward Elgar Publishing
_c2005
300 _axxiv,355p.Bibp356-375
_ccm.
650 _aForeign Exchange Asia
_9477490
700 _a Khalid Ahmed M
_9477491
942 _hX:57.4'P, P5
_cTEXL
_2CC
999 _c789994
_d789994